RPG Deities Quiz Stats

 Plays Quiz not verified by Sporcle

Support Sporcle.
Go Orange.
Score 0/22 Timer 10:00
0 Plays Today
% Correct
Hades
97.9%
Loki
95.8%
Odin
91.7%
Heracles
89.6%
Wonder Woman
87.5%
Nayru
81.3%
Kefka
79.2%
Arceus
79.2%
Mechonis
68.8%
Chaos
60.4%
Althena
50%
% Correct
Fou Lu
47.9%
Myria
45.8%
Asmodeus
45.8%
Dhaos
43.8%
Zenon
43.8%
Altima
43.8%
Sothis
43.8%
Philemon
41.7%
Fellana
33.3%
Baal
31.3%
Aidios
27.1%

You're not logged in!

Compare scores with friends on all Sporcle quizzes.
OR
Log In

From the Vault

Anagram Word Building VIII

by biggs364

Hardhats aren't necessary when you're building with words.
Remove Ads.
Support Sporcle.
Get the best of Sporcle when you Go Orange. This ad-free experience offers more features, more stats, and more fun while also helping to support Sporcle. Thank you for becoming a member.

Show Comments

Extras

Top Quizzes Today


Score Distribution

Your Account Isn't Verified!

In order to create a playlist on Sporcle, you need to verify the email address you used during registration. Go to your Sporcle Settings to finish the process.

Report this User

Report this user for behavior that violates our Community Guidelines.

Details: